000 00633nam a2200217 i 4500
001 73450
003 ES-MaACL
005 20230906171821.0
007 t|
008 041013s1986 sp ||||1| spa d
080 _a821.134.2-23"19"
100 1 _aLenza González, Enrique.
_971558
245 1 3 _aUn hombre como los demás
_b: comedia dramática en dos partes /
_coriginal de Enrique Lenza.
260 _a[Madrid :
_bs.n.,
_c1986]
300 _a31 p. ;
_c21 cm.
490 1 _aLa comedia ;
_v3
830 1 _aLa comedia ;
_v3
_9188828
852 _aES-MaACL
_j2183-F-17
852 4 _aES-MaACL
_j2143-F-15
999 _c73450
_d73450